[Event "GER-ch Net blitz sf"]
[Site "Playchess.com INT"]
[Date "2021.06.05"]
[Round "8"]
[White "Ritscher, Jan Paul"]
[Black "Serrer, Christoph"]
[Result "1/2-1/2"]
[WhiteElo "2057"]
[BlackElo "2137"]
[PlyCount "62"]
[EventDate "2021.06.05"]
[EventType "swiss (blitz)"]
[EventRounds "13"]
[EventCountry "GER"]
[SourceTitle "EXT 2023"]
[Source "ChessBase"]
[SourceDate "2022.10.05"]
[SourceVersion "1"]
[SourceVersionDate "2022.10.05"]
[SourceQuality "1"]

1. d4 d5 2. Nf3 Nf6 3. c4 e6 4. g3 Be7 5. Bg2 0-0 6. 0-0 c6 7. Nbd2 b6 8. Qc2 Bb7 9. e4 dxe4 10. Nxe4 Nbd7 11. Rd1 Qc8 12. Nxf6+ Nxf6 13. c5 Rd8 14. Bg5 bxc5 15. dxc5 Rd5 16. b4 a5 17. a3 axb4 18. axb4 Rxa1 19. Rxa1 h6 20. Bf4 Nd7 21. Nd2 Rd4 22. Rb1 Ba6 23. Qa2 Nf6 24. Be5 Rd8 25. Qb2 Qd7 26. Ne4 Nxe4 27. Bxe4 f6 28. Bc3 Bc4 29. Qc1 Bd5 30. Bxd5 Qxd5 31. Qe3 Kf7 1/2-1/2

[Event "GER-ch Net blitz sf"]
[Site "Playchess.com INT"]
[Date "2021.06.05"]
[Round "3"]
[White "Serrer, Christoph"]
[Black "Burkart, Lloyd Shang"]
[Result "1-0"]
[WhiteElo "2137"]
[BlackElo "1957"]
[PlyCount "129"]
[EventDate "2021.06.05"]
[EventType "swiss (blitz)"]
[EventRounds "13"]
[EventCountry "GER"]
[SourceTitle "EXT 2023"]
[Source "ChessBase"]
[SourceDate "2022.10.05"]
[SourceVersion "1"]
[SourceVersionDate "2022.10.05"]
[SourceQuality "1"]

1. Nf3 d5 2. c4 e6 3. e3 Nf6 4. Nc3 c6 5. Be2 Be7 6. 0-0 0-0 7. b3 Nbd7 8. d4 Qc7 9. Bb2 b6 10. cxd5 cxd5 11. Rc1 Qd8 12. Nb5 Ba6 13. Rc2 Bxb5 14. Bxb5 a6 15. Bd3 b5 16. Qc1 Rc8 17. Rxc8 Qxc8 18. Qb1 Qb7 19. Rc1 Rc8 20. Rc2 h6 21. Qc1 Nb6 22. Ne5 Rxc2 23. Qxc2 Qc8 24. Qxc8+ Nxc8 25. a4 bxa4 26. bxa4 a5 27. Nc6 Bb4 28. Nxb4 axb4 29. Kf1 Kf8 30. Ke1 Ke7 31. f3 Nd6 32. Kd1 Kd7 33. Kc2 Nc4 34. Bc1 Na5 35. Bb5+ Kc7 36. Bd2 Nc4 37. Bxc4 dxc4 38. Bxb4 Nd5 39. Bd2 Kc6 40. e4 Nc7 41. Kc3 h5 42. Kxc4 f6 43. Bf4 Na6 44. d5+ exd5+ 45. exd5+ Kd7 46. Kb5 Nc7+ 47. Bxc7 Kxc7 48. a5 g5 49. a6 Kb8 50. d6 g4 51. d7 Kc7 52. a7 Kxd7 53. a8Q f5 54. Qd5+ Ke7 55. Qe5+ Kd8 56. Qxf5 g3 57. hxg3 h4 58. gxh4 Ke7 59. Qg6 Kd7 60. h5 Ke7 61. h6 Kd7 62. h7 Kd8 63. h8Q+ Kd7 64. Qhh7+ Kd8 65. Qgg8# 1-0

[Event "GER-ch Net blitz sf"]
[Site "Playchess.com INT"]
[Date "2021.06.05"]
[Round "10"]
[White "Serrer, Christoph"]
[Black "Frohnhaeuser, Simon"]
[Result "1-0"]
[WhiteElo "2137"]
[BlackElo "1965"]
[PlyCount "101"]
[EventDate "2021.06.05"]
[EventType "swiss (blitz)"]
[EventRounds "13"]
[EventCountry "GER"]
[SourceTitle "EXT 2023"]
[Source "ChessBase"]
[SourceDate "2022.10.05"]
[SourceVersion "1"]
[SourceVersionDate "2022.10.05"]
[SourceQuality "1"]

1. Nf3 Nf6 2. c4 c5 3. Nc3 d5 4. d4 dxc4 5. Qa4+ Bd7 6. Qxc4 cxd4 7. Nxd4 Nc6 8. Be3 g6 9. g3 Bg7 10. Bg2 Rc8 11. Nxc6 Bxc6 12. Bxc6+ Rxc6 13. Qb5 0-0 14. 0-0 Qc8 15. Bxa7 Rd8 16. Rfd1 Rcd6 17. Rxd6 Rxd6 18. Qc5 Qd8 19. Kg2 Ng4 20. h3 Bd4 21. Qc4 Bxa7 22. hxg4 Rd2 23. Qb3 Qd4 24. Rf1 Bc5 25. Qxb7 Kg7 26. Qf3 Bd6 27. Ne4 Rxb2 28. Nxd6 Qxd6 29. Qc3+ Qf6 30. Qxf6+ Kxf6 31. Ra1 Rxe2 32. a4 Re6 33. a5 Ra6 34. f4 Ke6 35. Kf3 f6 36. Ke4 Kd6 37. Kd4 e5+ 38. Kc4 Kc6 39. Kb4 e4 40. Rc1+ Kd5 41. Kb5 Ra8 42. Rd1+ Ke6 43. a6 e3 44. Re1 Kd5 45. Rxe3 Rb8+ 46. Ka5 Kc5 47. Rc3+ Kd4 48. Ra3 Kc5 49. a7 Ra8 50. Ka6 Kc6 51. Rc3+ 1-0

[Event "GER-ch Net blitz sf"]
[Site "Playchess.com INT"]
[Date "2021.06.05"]
[Round "7"]
[White "Serrer, Christoph"]
[Black "Kolb, Tobias"]
[Result "0-1"]
[WhiteElo "2137"]
[BlackElo "2011"]
[PlyCount "54"]
[EventDate "2021.06.05"]
[EventType "swiss (blitz)"]
[EventRounds "13"]
[EventCountry "GER"]
[SourceTitle "EXT 2023"]
[Source "ChessBase"]
[SourceDate "2022.10.05"]
[SourceVersion "1"]
[SourceVersionDate "2022.10.05"]
[SourceQuality "1"]

1. Nf3 d5 2. g3 c6 3. Bg2 Nf6 4. 0-0 Bf5 5. c4 e6 6. Qb3 Qb6 7. d3 h6 8. Nc3 Be7 9. Be3 Qxb3 10. a3 a6 11. Nd4 Qb6 12. Nxe6 Qxb2 13. Nxg7+ Kf8 14. Nxf5 Qxc3 15. Bxh6+ Rxh6 16. Nxh6 Qe5 17. e4 dxe4 18. dxe4 Bc5 19. Rad1 Nbd7 20. Nf5 Nb6 21. Kh1 Nxe4 22. Rde1 Nxf2+ 23. Rxf2 Qxe1+ 24. Rf1 Qe6 25. Bh3 Rd8 26. Bg4 Qe4+ 27. Rf3 Qxg4 0-1

[Event "GER-ch Net blitz sf"]
[Site "Playchess.com INT"]
[Date "2021.06.05"]
[Round "2"]
[White "Wagner, Dennis"]
[Black "Serrer, Christoph"]
[Result "1-0"]
[WhiteElo "2506"]
[BlackElo "2137"]
[PlyCount "117"]
[EventDate "2021.06.05"]
[EventType "swiss (blitz)"]
[EventRounds "13"]
[EventCountry "GER"]
[SourceTitle "EXT 2023"]
[Source "ChessBase"]
[SourceDate "2022.10.05"]
[SourceVersion "1"]
[SourceVersionDate "2022.10.05"]
[SourceQuality "1"]

1. e4 c6 2. d4 d5 3. e5 Bf5 4. Nf3 e6 5. Be2 Nd7 6. 0-0 Ne7 7. c3 Bg6 8. a4 Nf5 9. a5 a6 10. b4 Be7 11. g4 Nh4 12. Nxh4 Bxh4 13. f4 f6 14. f5 Bf7 15. Bf4 0-0 16. Nd2 fxe5 17. dxe5 Bg5 18. Bg3 Bh4 19. Qe1 Bxg3 20. Qxg3 Qg5 21. Nb3 exf5 22. Rxf5 Qe7 23. Bd3 g6 24. Kh1 Kh8 25. Rf2 Qxe5 26. Qxe5+ Nxe5 27. Raf1 Kg7 28. Be2 Rae8 29. Nc5 Re7 30. g5 Rfe8 31. Kg2 Bg8 32. h4 Nd7 33. Nxd7 Rxd7 34. Bg4 Rde7 35. Rf3 Re2+ 36. R1f2 Rxf2+ 37. Kxf2 Re7 38. Re3 Rc7 39. Re5 Bf7 40. Ke3 c5 41. Kd3 cxb4 42. cxb4 Rc4 43. Bf3 Rxb4 44. Re7 Kf8 45. Rd7 Rb5 46. Kd4 Rxa5 47. Rxb7 Rb5 48. Ra7 a5 49. Ke5 d4+ 50. Kxd4 Bg8 51. Bc6 Rb4+ 52. Ke5 Rxh4 53. Rxa5 Rg4 54. Ra8+ Kg7 55. Ra7+ Kf8 56. Be4 Rxg5+ 57. Kf6 Rf5+ 58. Bxf5 g5 59. Ra8# 1-0

[Event "GER-ch Net blitz qual1"]
[Site "Playchess.com INT"]
[Date "2021.04.24"]
[Round "9"]
[White "Serrer, Christoph"]
[Black "Fromm, Marius"]
[Result "0-1"]
[WhiteElo "2212"]
[BlackElo "1421"]
[PlyCount "108"]
[EventDate "2021.04.24"]
[EventType "swiss (blitz)"]
[EventRounds "11"]
[EventCountry "GER"]
[SourceTitle "CBM 202 Extra"]
[Source "ChessBase"]
[SourceDate "2021.07.31"]
[SourceVersion "1"]
[SourceVersionDate "2021.07.31"]
[SourceQuality "1"]

1. Nf3 c5 2. c4 Nc6 3. Nc3 g6 4. e3 Nf6 5. d4 cxd4 6. exd4 d5 7. Qb3 Na5 8. Qa4+ Bd7 9. Qc2 Nxc4 10. Nxd5 Nxd5 11. Bxc4 Rc8 12. Qb3 Bc6 13. 0-0 Bg7 14. Re1 0-0 15. Ne5 e6 16. Nxc6 Rxc6 17. Be3 Nb6 18. Bb5 Rd6 19. a4 Nd5 20. Red1 a6 21. Be2 Qb6 22. Qxb6 Rxb6 23. Rd2 Rd8 24. a5 Rb4 25. Bf3 Kf8 26. Kf1 Ke7 27. Rc2 Bxd4 28. Bxd4 Rxd4 29. g3 Rd7 30. Ke2 Nb4 31. Rc3 Rd2+ 32. Kf1 Rxb2 33. Re1 Nd3 34. Re2 Rxe2 35. Kxe2 Nb4 36. Rb3 Nd5 37. h4 h5 38. Rb2 Kd6 39. Bg2 Rc7 40. Bf3 f5 41. Bg2 Nc3+ 42. Kf1 Nb5 43. Ke2 e5 44. f4 e4 45. Bf1 Rc3 46. Kf2 Kc5 47. Kg2 Kc6 48. Rd2 Nd6 49. Rb2 Rc5 50. Rb6+ Kc7 51. Rb2 Rxa5 52. Be2 Rc5 53. Rc2 Rxc2 54. Kf1 Rxe2 0-1

[Event "Titled Tuesday intern op 13th Apr"]
[Site "Chess.com INT"]
[Date "2021.04.13"]
[Round "10"]
[White "Kozin, Yuri"]
[Black "Serrer, Christoph"]
[Result "1/2-1/2"]
[WhiteElo "2251"]
[BlackElo "2283"]
[PlyCount "90"]
[EventDate "2021.04.13"]
[EventType "swiss (blitz)"]
[EventRounds "11"]
[EventCountry "USA"]
[SourceTitle "CBM 201 Extra"]
[Source "ChessBase"]
[SourceDate "2021.05.31"]
[SourceVersion "1"]
[SourceVersionDate "2021.05.31"]
[SourceQuality "1"]

1. e4 e5 2. Nf3 Nc6 3. Bb5 a6 4. Ba4 Nf6 5. 0-0 Be7 6. Re1 b5 7. Bb3 d6 8. c3 0-0 9. h3 Nb8 10. d3 Nbd7 11. Nbd2 c5 12. Nf1 Bb7 13. Ng3 g6 14. Bh6 Re8 15. Ng5 d5 16. a4 c4 17. Ba2 Nc5 18. exd5 Nxd3 19. Re2 Nxd5 20. N5e4 f5 21. Nd2 e4 22. Nxc4 bxc4 23. Bxc4 Ne5 24. Ba2 Nf7 25. Bc1 Bh4 26. Rd2 Bxg3 27. Bxd5 Bxd5 28. Rxd5 Qb6 29. Be3 Qxb2 30. fxg3 Qxc3 31. Bd4 Qc7 32. Rc1 Qxg3 33. Ba1 Ne5 34. Rxe5 Rxe5 35. Qd4 Rae8 36. Rc7 e3 37. Qd7 R5e7 38. Qd5+ Re6 39. Rg7+ Kf8 40. Qc5+ Rd6 41. Rd7 Qf2+ 42. Kh2 Qf4+ 43. Kg1 Qf2+ 44. Kh2 Qf4+ 45. Kg1 Qf2+ 1/2-1/2

[Event "Titled Tuesday intern op 06th Apr"]
[Site "Chess.com INT"]
[Date "2021.04.06"]
[Round "6"]
[White "Calin, Alexandru"]
[Black "Serrer, Christoph"]
[Result "0-1"]
[WhiteElo "2107"]
[BlackElo "2283"]
[PlyCount "90"]
[EventDate "2021.04.06"]
[EventType "swiss (blitz)"]
[EventRounds "11"]
[EventCountry "USA"]
[SourceTitle "CBM 201 Extra"]
[Source "ChessBase"]
[SourceDate "2021.05.31"]
[SourceVersion "1"]
[SourceVersionDate "2021.05.31"]
[SourceQuality "1"]

1. d4 d5 2. c4 e6 3. Nc3 Nf6 4. cxd5 exd5 5. Bg5 c6 6. Qc2 Be7 7. e3 Nbd7 8. Bd3 Nh5 9. Bxe7 Qxe7 10. Nge2 Nb6 11. h3 g6 12. g4 Ng7 13. Ng3 Ne6 14. 0-0-0 Bd7 15. Rhe1 0-0-0 16. Kb1 Kb8 17. f4 Qh4 18. Qg2 Rhe8 19. Nce2 Ng7 20. Ng1 Qe7 21. Nf3 f6 22. g5 fxg5 23. fxg5 Rf8 24. e4 Qb4 25. a3 Qa5 26. Ne5 dxe4 27. Nxe4 Bf5 28. Qg3 Ka8 29. Nc5 Rxd4 30. Rc1 Rfd8 31. Qe3 Na4 32. Nb3 Qd5 33. Nxd4 Qxd4 34. Rc3 Nxc3+ 35. bxc3 Qxc3 36. Bxf5 Qxe3 37. Rxe3 Nxf5 38. Rb3 Nd4 39. Rd3 c5 40. Nc4 b6 41. Re3 Rd7 42. Re8+ Kb7 43. Ne5 Rc7 44. Rh8 Nc6 45. Nc4 b5 0-1

[Event "Titled Tuesday intern op 30th Mar"]
[Site "Chess.com INT"]
[Date "2021.03.30"]
[Round "5"]
[White "Kushko, Dmitriy"]
[Black "Serrer, Christoph"]
[Result "1-0"]
[WhiteElo "2285"]
[BlackElo "2283"]
[PlyCount "93"]
[EventDate "2021.03.30"]
[EventType "swiss (blitz)"]
[EventRounds "11"]
[EventCountry "USA"]
[SourceTitle "CBM 201 Extra"]
[Source "ChessBase"]
[SourceDate "2021.05.31"]
[SourceVersion "1"]
[SourceVersionDate "2021.05.31"]
[SourceQuality "1"]

1. Nf3 d5 2. g3 Nf6 3. Bg2 e6 4. 0-0 Be7 5. c4 0-0 6. d4 dxc4 7. Na3 Bxa3 8. bxa3 Nc6 9. a4 Rb8 10. Ba3 Re8 11. Rc1 e5 12. dxe5 Ng4 13. Qxd8 Rxd8 14. Rxc4 Be6 15. Rc2 Rd7 16. Rfc1 Rc8 17. h3 Ngxe5 18. Nxe5 Nxe5 19. Bxb7 Rb8 20. Bg2 h6 21. f4 Ng6 22. e4 f5 23. exf5 Bxf5 24. Rxc7 Rxc7 25. Rxc7 Rb1+ 26. Rc1 Rxc1+ 27. Bxc1 Be6 28. a3 a6 29. Bf1 Ne7 30. g4 Bb3 31. a5 Nc6 32. Bd2 Nb8 33. Kf2 Kf7 34. Ke3 Ke6 35. Kd4 Bd5 36. Kc5 Nd7+ 37. Kd4 Bb7 38. Bb4 Nf6 39. f5+ Kd7 40. Bd3 Ne8 41. Ke5 Bc8 42. Bc4 Kc6 43. a4 Bd7 44. Bf8 Kc7 45. Bxa6 Bxa4 46. Bc4 Kd7 47. a6 1-0

[Event "Titled Tuesday intern op 30th Mar"]
[Site "Chess.com INT"]
[Date "2021.03.30"]
[Round "8"]
[White "Lauridsen, Jesper Morch"]
[Black "Serrer, Christoph"]
[Result "0-1"]
[WhiteElo "2215"]
[BlackElo "2283"]
[PlyCount "102"]
[EventDate "2021.03.30"]
[EventType "swiss (blitz)"]
[EventRounds "11"]
[EventCountry "USA"]
[SourceTitle "CBM 201 Extra"]
[Source "ChessBase"]
[SourceDate "2021.05.31"]
[SourceVersion "1"]
[SourceVersionDate "2021.05.31"]
[SourceQuality "1"]

1. e4 c6 2. d4 d5 3. Nd2 dxe4 4. Nxe4 Bf5 5. Ng3 Bg6 6. Bc4 Nf6 7. h4 h6 8. N1e2 e6 9. Nf4 Bh7 10. Qe2 Bd6 11. Bxe6 0-0 12. 0-0 Bxf4 13. Bxf4 Re8 14. Bxf7+ Kxf7 15. Qc4+ Qd5 16. Qb4 b6 17. Rae1 Nbd7 18. Be3 a5 19. Qd2 Ne4 20. Qd1 Kg8 21. b3 b5 22. Qg4 Ndf6 23. Qh3 Qe6 24. Qxe6+ Rxe6 25. h5 Nxg3 26. fxg3 Bxc2 27. Bd2 Rae8 28. Rxe6 Rxe6 29. Bxa5 Nxh5 30. Kh2 Nf6 31. Bd8 Kf7 32. g4 Rd6 33. Bxf6 Rxf6 34. Rc1 Be4 35. Kg3 Bd5 36. Rb1 Re6 37. Kf2 Re4 38. g5 hxg5 39. a4 b4 40. a5 Rxd4 41. a6 Rd2+ 42. Ke3 Ra2 43. Rf1+ Kg6 44. Kd4 Rxa6 45. g4 Bxb3 46. Kc5 Bd5 47. Kxb4 Ra2 48. Kc5 Rg2 49. Kd6 Rxg4 50. Ke7 Re4+ 51. Kf8 Rf4+ 0-1

[Event "Titled Tuesday intern op 30th Mar"]
[Site "Chess.com INT"]
[Date "2021.03.30"]
[Round "4"]
[White "Serrer, Christoph"]
[Black "Kretov, Evgenij"]
[Result "1-0"]
[WhiteElo "2283"]
[BlackElo "2269"]
[PlyCount "107"]
[EventDate "2021.03.30"]
[EventType "swiss (blitz)"]
[EventRounds "11"]
[EventCountry "USA"]
[SourceTitle "CBM 201 Extra"]
[Source "ChessBase"]
[SourceDate "2021.05.31"]
[SourceVersion "1"]
[SourceVersionDate "2021.05.31"]
[SourceQuality "1"]

1. Nf3 c5 2. c4 Nf6 3. Nc3 e6 4. e3 Be7 5. d4 cxd4 6. exd4 d5 7. Bd3 dxc4 8. Bxc4 0-0 9. 0-0 Nbd7 10. Re1 Nb6 11. Bb3 Nbd5 12. Qe2 b6 13. Ne5 Bb7 14. Bg5 h6 15. Bd2 Re8 16. Rad1 Bf8 17. Bc2 Nxc3 18. bxc3 Qd5 19. f3 Qxa2 20. Qd3 Ba6 21. c4 Qa3 22. Qxa3 Bxa3 23. Ra1 Bb2 24. Rxa6 Bxd4+ 25. Kf1 Rec8 26. Bb3 Rc7 27. Nd3 Rd8 28. Bf4 Rb7 29. Be5 Kf8 30. Bxd4 Rxd4 31. Ke2 Nd7 32. Rea1 Nc5 33. Nxc5 bxc5 34. Bc2 Rxc4 35. R1a2 Ke7 36. Be4 Rb3 37. Rxa7+ Kf6 38. Rc7 g5 39. Rc2 Rbc3 40. Rxc3 Rxc3 41. Kd2 Rc4 42. Bd3 Rh4 43. h3 h5 44. Rxc5 g4 45. hxg4 hxg4 46. f4 Rh2 47. Be4 g3 48. Ke2 Rh1 49. Kf3 Re1 50. Rc4 Ke7 51. Kxg3 f6 52. Bf3 e5 53. fxe5 fxe5 54. Re4 1-0

[Event "Titled Tuesday intern op 23rd Mar"]
[Site "Chess.com INT"]
[Date "2021.03.23"]
[Round "9"]
[White "Serrer, Christoph"]
[Black "Kuznetsov, Mikhail V"]
[Result "1-0"]
[WhiteElo "2283"]
[BlackElo "2234"]
[PlyCount "47"]
[EventDate "2021.03.23"]
[EventType "swiss (blitz)"]
[EventRounds "11"]
[EventCountry "USA"]
[SourceTitle "CBM 201 Extra"]
[Source "ChessBase"]
[SourceDate "2021.05.31"]
[SourceVersion "1"]
[SourceVersionDate "2021.05.31"]
[SourceQuality "1"]

1. c4 Nf6 2. Nf3 g6 3. Nc3 d5 4. cxd5 Nxd5 5. e4 Nxc3 6. dxc3 Qxd1+ 7. Kxd1 Bg7 8. Be3 b6 9. Kc2 Bb7 10. Nd2 c5 11. f3 Nc6 12. Bb5 0-0-0 13. a4 e6 14. Rhd1 Rd6 15. Nc4 Rxd1 16. Rxd1 Kc7 17. Bf4+ e5 18. Bxc6 exf4 19. Bxb7 Kxb7 20. Rd7+ Kc6 21. Rxf7 Rg8 22. Rxa7 h5 23. Ra6 Rb8 24. a5 1-0

[Event "Titled Tuesday intern op 16th Mar"]
[Site "Chess.com INT"]
[Date "2021.03.16"]
[Round "5"]
[White "Sanchez Jimenez, Juan Carlos"]
[Black "Serrer, Christoph"]
[Result "1-0"]
[WhiteElo "2223"]
[BlackElo "2283"]
[PlyCount "85"]
[EventDate "2021.03.16"]
[EventType "swiss (blitz)"]
[EventRounds "11"]
[EventCountry "USA"]
[SourceTitle "CBM 201 Extra"]
[Source "ChessBase"]
[SourceDate "2021.05.31"]
[SourceVersion "1"]
[SourceVersionDate "2021.05.31"]
[SourceQuality "1"]

1. d4 d5 2. c4 e6 3. Nc3 Be7 4. Nf3 Nf6 5. Bg5 h6 6. Bxf6 Bxf6 7. e3 0-0 8. Rc1 dxc4 9. Bxc4 b6 10. e4 Bb7 11. 0-0 Nd7 12. Qe2 c5 13. dxc5 Nxc5 14. Rfd1 Qb8 15. b4 Bxc3 16. bxc5 Bf6 17. cxb6 axb6 18. Qe3 Ra4 19. Qxb6 Bxe4 20. Qxb8 Rxb8 21. Bb3 Rab4 22. Rc7 Bxf3 23. gxf3 Rf4 24. Rdd7 Be5 25. Rc5 Bf6 26. Rcc7 Bh4 27. Kg2 Rb5 28. Rxf7 Rg5+ 29. Kh3 Rxf7 30. Bxe6 Bxf2 31. Rxf7 Kh8 32. Rf8+ Kh7 33. Bd5 g6 34. Be4 Kg7 35. Rc8 Re5 36. Rc7+ Kf6 37. Rc6+ Kg5 38. Rxg6+ Kf4 39. Rxh6 Ra5 40. Rf6+ Ke3 41. Kg4 Rxa2 42. h4 Ra1 43. Re6 1-0

[Event "Titled Tuesday intern op 02nd Mar"]
[Site "Chess.com INT"]
[Date "2021.03.02"]
[Round "2"]
[White "Gascon del Nogal, Jose Rafael"]
[Black "Serrer, Christoph"]
[Result "0-1"]
[WhiteElo "2425"]
[BlackElo "2283"]
[PlyCount "102"]
[EventDate "2021.03.02"]
[EventType "swiss (blitz)"]
[EventRounds "11"]
[EventCountry "USA"]
[SourceTitle "CBM 201 Extra"]
[Source "ChessBase"]
[SourceDate "2021.05.31"]
[SourceVersion "1"]
[SourceVersionDate "2021.05.31"]
[SourceQuality "1"]

1. d4 d5 2. c4 e6 3. Nc3 Be7 4. Nf3 Nf6 5. Bf4 0-0 6. e3 Nbd7 7. c5 c6 8. h3 b6 9. b4 a5 10. a3 h6 11. Be2 Ba6 12. Bxa6 Rxa6 13. b5 cxb5 14. c6 Qc8 15. Nxb5 Qxc6 16. Nc7 Qc3+ 17. Nd2 e5 18. dxe5 Qxc7 19. exf6 Bd6 20. Bxd6 Qxd6 21. fxg7 Re8 22. 0-0 Qg6 23. Nf3 Nf6 24. Rc1 b5 25. Rc7 Rb6 26. Qd4 Reb8 27. Ne5 Qe4 28. Rxf7 Qxd4 29. exd4 b4 30. axb4 axb4 31. Rxf6 Rxf6 32. Nd7 Rfb6 33. Nxb8 Rxb8 34. Rb1 b3 35. Kf1 Kxg7 36. Ke2 Kf6 37. Kd3 Kf5 38. Kc3 Ke4 39. Re1+ Kf4 40. Kb2 Rb4 41. Re6 Rxd4 42. Rxh6 Kg5 43. Kxb3 Kxh6 44. Kc3 Rf4 45. f3 Rf8 46. Kd4 Rd8 47. f4 Kh5 48. g3 Rd7 49. f5 Kg5 50. g4 Rd8 51. Ke5 d4 0-1

[Event "Titled Tuesday intern op 02nd Mar"]
[Site "Chess.com INT"]
[Date "2021.03.02"]
[Round "6"]
[White "Mikhnenko, Alexander"]
[Black "Serrer, Christoph"]
[Result "0-1"]
[WhiteElo "2129"]
[BlackElo "2283"]
[PlyCount "156"]
[EventDate "2021.03.02"]
[EventType "swiss (blitz)"]
[EventRounds "11"]
[EventCountry "USA"]
[SourceTitle "CBM 201 Extra"]
[Source "ChessBase"]
[SourceDate "2021.05.31"]
[SourceVersion "1"]
[SourceVersionDate "2021.05.31"]
[SourceQuality "1"]

1. d4 d5 2. c4 e6 3. Nc3 Be7 4. cxd5 exd5 5. Bf4 c6 6. e3 Bf5 7. g4 Be6 8. h3 Nd7 9. Qc2 h5 10. gxh5 Rxh5 11. Bg2 Bf5 12. Qe2 g6 13. Bf3 Rh8 14. e4 dxe4 15. Nxe4 Bxe4 16. Bxe4 Ngf6 17. Bg2 Kf8 18. Nf3 Qa5+ 19. Bd2 Bb4 20. 0-0 Re8 21. Qd3 Bxd2 22. Nxd2 Kg7 23. Nc4 Qa6 24. b3 Rh5 25. Qg3 Nb6 26. Ne5 Nbd5 27. Bf3 Rhh8 28. Kg2 Qa5 29. Rh1 Qc3 30. Rad1 Qc2 31. Bxd5 Nxd5 32. Qf3 Qf5 33. Qxf5 gxf5 34. Kf3 Kf6 35. Rde1 Rd8 36. h4 Ne7 37. Rd1 Ng6 38. Nc4 Nxh4+ 39. Kg3 Ng6 40. Rxh8 Nxh8 41. Kf3 Ng6 42. Ke3 Ne7 43. Ne5 Nd5+ 44. Kd3 Rh8 45. Nd7+ Ke7 46. Nc5 b6 47. Re1+ Kd6 48. Na4 Nb4+ 49. Kd2 Nxa2 50. Nb2 Nb4 51. Nc4+ Kd7 52. Ne5+ Kc7 53. Nxf7 Rh3 54. Re7+ Kb8 55. Nd6 Rxb3 56. Rb7+ Ka8 57. Rf7 Kb8 58. Rb7+ Ka8 59. Re7 Kb8 60. Nxf5 a5 61. Nd6 a4 62. Rb7+ Ka8 63. Rh7 a3 64. Rh1 Rb2+ 65. Kc3 Nd5+ 66. Kd3 a2 67. Ra1 Nb4+ 68. Kc3 Rb1 69. Rxa2+ Nxa2+ 70. Kd3 Ka7 71. Ke3 Ka6 72. Nc8 b5 73. Nd6 b4 74. Ne4 b3 75. Nc5+ Kb5 76. Kd3 b2 77. Ne4 Rd1+ 78. Kc2 b1Q# 0-1

[Event "GER Cup Net V3 U2400"]
[Site "Playchess.com INT"]
[Date "2020.05.27"]
[Round "5"]
[White "Dahl, Christoph"]
[Black "Serrer, Christoph"]
[Result "0-1"]
[WhiteElo "2142"]
[BlackElo "2014"]
[PlyCount "130"]
[EventDate "2020.05.27"]
[EventType "swiss (blitz)"]
[EventRounds "9"]
[EventCountry "GER"]
[SourceTitle "EXT 2021"]
[Source "ChessBase"]
[SourceDate "2020.10.23"]
[SourceVersion "1"]
[SourceVersionDate "2020.10.23"]
[SourceQuality "1"]

1. e4 c5 2. Nf3 Nc6 3. d4 cxd4 4. Nxd4 g6 5. c4 Nf6 6. Nc3 d6 7. Be2 Nxd4 8. Qxd4 Bg7 9. Be3 0-0 10. Qd2 a5 11. 0-0 a4 12. Rac1 Qa5 13. f3 Bd7 14. Rfd1 Rfc8 15. Nd5 Qxd2 16. Bxd2 Nxd5 17. cxd5 Bxb2 18. Rb1 Bd4+ 19. Kf1 Rab8 20. Bg5 f6 21. Rxd4 fxg5 22. Rdb4 b5 23. Bxb5 Bxb5+ 24. Rxb5 Rxb5 25. Rxb5 Rc1+ 26. Kf2 Rc2+ 27. Kg3 Rxa2 28. Ra5 Kf7 29. Ra8 a3 30. Ra7 Kf6 31. Ra8 h5 32. Rf8+ Kg7 33. Re8 Kf7 34. Ra8 Kf6 35. Rf8+ Ke5 36. Rf7 Rd2 37. Rxe7+ Kd4 38. Ra7 a2 39. Ra8 Kc3 40. Ra7 Kb2 41. Rb7+ Ka1 42. Rb6 Rb2 43. Rxd6 Kb1 44. Ra6 a1Q 45. Rxa1+ Kxa1 46. d6 Rd2 47. e5 Kb2 48. f4 Rd3+ 49. Kf2 gxf4 50. g3 fxg3+ 51. hxg3 Rd5 52. Kf3 Rxe5 53. d7 Rd5 54. Ke4 Rxd7 55. Kf4 Rd3 56. Kg5 Rxg3+ 57. Kh4 Ra3 58. Kg5 Ra4 59. Kxg6 h4 60. Kf5 h3 61. Kg5 h2 62. Kf5 h1Q 63. Kg5 Qd5+ 64. Kf6 Ra6+ 65. Ke7 Qb7+ 0-1

[Event "GER Cup Net V3 U2400"]
[Site "Playchess.com INT"]
[Date "2020.05.27"]
[Round "9"]
[White "Meissner, Felix"]
[Black "Serrer, Christoph"]
[Result "0-1"]
[WhiteElo "2209"]
[BlackElo "2014"]
[PlyCount "94"]
[EventDate "2020.05.27"]
[EventType "swiss (blitz)"]
[EventRounds "9"]
[EventCountry "GER"]
[SourceTitle "EXT 2021"]
[Source "ChessBase"]
[SourceDate "2020.10.23"]
[SourceVersion "1"]
[SourceVersionDate "2020.10.23"]
[SourceQuality "1"]

1. e4 c5 2. Nf3 Nc6 3. Bb5 g6 4. Bxc6 dxc6 5. h3 Bg7 6. d3 Nf6 7. 0-0 Nd7 8. Nc3 e5 9. Be3 b6 10. Qd2 h6 11. a3 f5 12. Qd1 0-0 13. b4 a5 14. bxc5 Nxc5 15. Rb1 Nd7 16. Rb2 f4 17. Bd2 Nc5 18. Qb1 b5 19. Ne2 g5 20. Bc3 Qe7 21. Nh2 Na4 22. Ra2 Be6 23. Ra1 h5 24. f3 Nxc3 25. Nxc3 Qc5+ 26. Kh1 Qxc3 27. Qd1 b4 28. axb4 axb4 29. Rxa8 Rxa8 30. h4 gxh4 31. Qb1 Ra2 32. Rc1 Rb2 33. Qa1 Rxc2 34. Qa8+ Kh7 35. Rf1 Rc1 36. Qe8 Rxf1+ 37. Nxf1 Qxd3 38. Qxh5+ Bh6 39. Kg1 Qd4+ 40. Kh1 b3 41. Qxh4 b2 42. Qe7+ Bg7 43. Qxe6 b1Q 44. Qf5+ Kg8 45. Qe6+ Kf8 46. Qc8+ Ke7 47. Qb7+ Qxb7 0-1

[Event "GER Cup Net V3 U2400"]
[Site "Playchess.com INT"]
[Date "2020.05.27"]
[Round "6"]
[White "Serrer, Christoph"]
[Black "Alvir, Aco"]
[Result "1-0"]
[WhiteElo "2014"]
[BlackElo "2295"]
[PlyCount "135"]
[EventDate "2020.05.27"]
[EventType "swiss (blitz)"]
[EventRounds "9"]
[EventCountry "GER"]
[SourceTitle "EXT 2021"]
[Source "ChessBase"]
[SourceDate "2020.10.23"]
[SourceVersion "1"]
[SourceVersionDate "2020.10.23"]
[SourceQuality "1"]

1. c4 g6 2. g3 Bg7 3. Bg2 Nf6 4. Nc3 0-0 5. d3 d6 6. e4 c5 7. Nge2 Nc6 8. 0-0 Bd7 9. h3 Qc8 10. Kh2 Rb8 11. Be3 a6 12. Rc1 b5 13. b3 b4 14. Nd5 Ne8 15. d4 e6 16. dxc5 dxc5 17. Ndf4 Ne5 18. Nd3 Nxd3 19. Qxd3 e5 20. f4 Rb6 21. fxe5 Bxe5 22. Qd5 Qc7 23. Bxc5 Re6 24. Bxf8 Kxf8 25. Nf4 Re7 26. Rcd1 Nf6 27. Qd2 h5 28. h4 a5 29. Kh1 Bc6 30. Nd5 Bxd5 31. exd5 Qd6 32. Rf3 Ng4 33. Rdf1 Kg7 34. Bh3 Nh6 35. Qf2 Rc7 36. Kg2 f5 37. Qe2 Bd4 38. Qe6 Qxe6 39. dxe6 Re7 40. Rd3 Bc3 41. Rd7 Kf6 42. Rxe7 Kxe7 43. Rd1 Kxe6 44. Rd5 Nf7 45. Rxa5 Ne5 46. Ra6+ Kf7 47. Kf1 Nd3 48. Ke2 Nc5 49. Rb6 Ne4 50. Kf3 Nd2+ 51. Ke3 Ne4 52. Bg2 Nxg3 53. c5 Be5 54. c6 f4+ 55. Kf3 Ke7 56. Rxb4 Nf5 57. Rc4 Bc7 58. Rxf4 Bxf4 59. Kxf4 Nxh4 60. Be4 Kd6 61. b4 Nf5 62. Bxf5 gxf5 63. Kxf5 h4 64. Kg4 Kxc6 65. Kxh4 Kb5 66. a3 Ka4 67. Kg4 Kxa3 68. b5 1-0